000 00930nam a2200241 i 4500
003 SA-RiAUC
005 20251019124708.0
008 251013s1976____su g 00010 ara c
040 _aSA-RiKAPL
_bara
_cSA-RiAUC
_erda
082 0 4 _a253.901
090 _a253.901
_bت ح ف
245 0 2 _aالتحفة السنية في أحوال الورثة الأربعينية /
_cجمع حسن بن محمد المشاط.
250 _aالطبعة الخامسة.
264 1 _aجدة، السعودية :
_bدار الأصفهاني،
_c1976
300 _a10 صفحة ؛
_c24 سم
336 _aنص
_btxt
_2rdacontent
_3كتاب
337 _aبدون وسيط
_bn
_2rdamedia
338 _aمجلد
_bnc
_2rdacarrier
650 7 _aالمواريث (فقه إسلامي)
_2aucsh
700 1 _aالمشاط، حسن بن محمد،
_d1319-1399 هجري
_tجامع.
942 _2ddc
_cBOOK
_n0
949 _aSA-JeALM
_d251013
_umohamedma123
_n1
999 _c12584
_d12584